Loading...
| Religion | 0 | 5 | 0 | 0 | 50 | 97 | 114.60 | 0 | 5 | 0.00 | 0.00 |
| Science - Biology | 0 | 3 | 0 | 0 | 30 | 81 | 97.67 | 0 | 3 | 0.00 | 0.00 |
| Science - Other | 0 | 3 | 1 | 2 | 25 | 97 | 113.33 | 0 | 3 | 0.00 | 0.00 |
| Fine Arts - Other | 0 | 2 | 0 | 1 | 20 | 132 | 132.00 | 1 | 2 | 0.00 | 0.00 |
| History - American | 0 | 2 | 0 | 1 | 20 | 96 | 110.50 | 0 | 2 | 0.00 | 0.00 |
| Science - Physics | 0 | 2 | 1 | 2 | 15 | 124 | 125.50 | 1 | 2 | 0.00 | 0.00 |
| Literature - European | 0 | 1 | 0 | 0 | 10 | 112 | 112.00 | 0 | 1 | 0.00 | 0.00 |
| Pop Culture | 0 | 1 | 0 | 0 | 10 | 79 | 79.00 | 1 | 1 | 0.00 | 0.00 |
| History - Other | 0 | 1 | 0 | 1 | 10 | 124 | 124.00 | 0 | 1 | 0.00 | 0.00 |
| Science - Chemistry | 0 | 1 | 0 | 1 | 10 | 119 | 119.00 | 0 | 1 | 0.00 | 0.00 |
| History - European | 0 | 1 | 0 | 0 | 10 | 97 | 97.00 | 0 | 1 | 0.00 | 0.00 |
| Mythology | 0 | 2 | 3 | 0 | 5 | 57 | 75.50 | 1 | 2 | 0.00 | 0.00 |
| Other Academic | 0 | 1 | 1 | 0 | 5 | 103 | 103.00 | 0 | 1 | 0.00 | 0.00 |
| History - World | 0 | 0 | 0 | 0 | 0 | 0.00 | 0 | 0 | 0.00 | 0.00 | |
| Fine Arts - Painting and Sculpture | 0 | 0 | 1 | 0 | -5 | 0.00 | 0 | 0 | 0.00 | 0.00 | |
| Literature - World | 0 | 0 | 1 | 0 | -5 | 0.00 | 0 | 0 | 0.00 | 0.00 | |
| Philosophy | 0 | 0 | 1 | 0 | -5 | 0.00 | 0 | 0 | 0.00 | 0.00 |